000 00441nam a2200181Ia 4500
001 7472
005 20260306160458.0
008 260306t2010||||xx |||||||||||||| ||spa||
041 _aESP
082 _a339
_bF62E
100 _aFlores Estrada, María Aurora
_eAUT
245 0 _aMacroeconomía:
_bejercicios prácticos
260 _c2010
300 _a204 páginas :
_c25 cm.
650 _aGEN
654 _aCAN
942 _cLIB
_dJUS
_fJUS
_2ddc
_n
999 _c7472
_d7472